Top 20 Most Famous Books of the Bible - Statistics

General Stats
  • This quiz has been taken 3,700 times
  • The average score is 15 of 20
Answer Stats
% Book % Correct
98 Genesis
98%
92 John
97%
92 Matthew
96%
91 Luke
95%
91 Mark
95%
96 Exodus
94%
84 Revelation
89%
87 Psalms
87%
92 Leviticus
80%
90 Numbers
77%
80 Acts
76%
79 Romans
74%
89 Deuteronomy
68%
79 I Corinthians
65%
78 Job
64%
86 Ruth
62%
83 I Kings
61%
76 Judges
52%
77 II Corinthians
48%
83 II Kings
47%
No matching quizzes found
Score Distribution
Percent of People with Each Score
Percentile by Number Answered
Your Score History
You have not taken this quiz